000 00938nas a2200313 4500
001 BR0204668
003 BR-BrBNA
005 20231205103236.0
007 ta
008 230509b bl.|||p| |||| 00| 00por d
040 _aBR-BrBNA
_bpor
_cBiblioteca Nacional de Agricultura
041 _a(Pt)
072 _aP34
100 1 _aCaldeira, M.V.W.
100 1 _aSilva, E.M.R. da
100 1 _aFranco, A.A.
100 1 _aZanon, M.L.B.
245 1 _aComportamento de mudas de leguminosas arbóreas inoculadas com fungos micorrízicos arbusculares
650 _aESSÊNCIA FLORESTAL
650 _aSEMENTE
650 _aMUDA
650 _aCRESCIMENTO
650 _aRESPOSTA DA PLANTA
650 _aMICORRIZA VESICULAR ARBUSCULAR
650 _aINOCULAÇÃO
773 0 _tCiência Florestal (Brazil)
_xISSN 0103-9954
_g(Jun 1999), v. 9(1) p. 135-142
_wBR0204668
909 _a202311
_bLúcia
_c55
_dLúcia Elande
942 _2AGRIS
_n0
_cANA
999 _c171846
_d171846